Resurrection iWitness / (Record no. 6780)
[ view plain ]
| 000 -LEADER | |
|---|---|
| fixed length control field | 01429nam a22002297a 4500 |
| 001 - CONTROL NUMBER | |
| control field | 6780 |
| 003 - CONTROL NUMBER IDENTIFIER | |
| control field | FISKH |
| 005 - DATE AND TIME OF LATEST TRANSACTION | |
| control field | 20250528085805.0 |
| 008 - FIXED-LENGTH DATA ELEMENTS--GENERAL INFORMATION | |
| fixed length control field | 250528b cb ||||| |||| 00| 0 eng d |
| 020 ## - INTERNATIONAL STANDARD BOOK NUMBER | |
| International Standard Book Number | 9780805495812 |
| 040 ## - CATALOGING SOURCE | |
| Original cataloging agency | FISKH |
| Language of cataloging | eng |
| Transcribing agency | FISKH |
| Modifying agency | FISKH |
| 050 ## - LIBRARY OF CONGRESS CALL NUMBER | |
| Classification number | BT482.P69 |
| 082 ## - DEWEY DECIMAL CLASSIFICATION NUMBER | |
| Classification number | 232.97 |
| 100 ## - MAIN ENTRY--PERSONAL NAME | |
| Personal name | Powell, Doug |
| 245 ## - TITLE STATEMENT | |
| Title | Resurrection iWitness / |
| Statement of responsibility, etc. | Written and designed by Doug Powell |
| 260 ## - PUBLICATION, DISTRIBUTION, ETC. | |
| Place of publication, distribution, etc. | Nashville : |
| Name of publisher, distributor, etc. | B & H Publishing Group , |
| Date of publication, distribution, etc. | 2012. |
| 300 ## - PHYSICAL DESCRIPTION | |
| Extent | 32 unnumbered pages : |
| Other physical details | color illustrations ; |
| Dimensions | 31 cm . |
| 520 ## - SUMMARY, ETC. | |
| Summary, etc. | Comparable in style to the best-selling Ologies children's fantasy book series, Resurrection iWitness brings truth to the highly illustrated genre. This book gives evidence for the resurrection of Jesus Christ by using the easy-to-understand Minimal Facts argument. That means it relies only on the historical facts that almost all biblical scholars (including atheistic, Jewish, and liberal) accept and shows how only the biblical story of the resurrection can account for all these agreed-upon facts. Across 32 intensively designed pages (16 spreads acting as individual chapters) -- each containing information that is physically nested and must be actively opened to discover -- the reader investigates the story of Christ and weighs the evidence to determine its historical accuracy. |
| 650 ## - SUBJECT ADDED ENTRY--TOPICAL TERM | |
| Topical term or geographic name entry element | Apologetics |
| Form subdivision | Non-fiction |
| 942 ## - ADDED ENTRY ELEMENTS (KOHA) | |
| Source of classification or shelving scheme | Dewey Decimal Classification |
| Koha item type | Books |
| Suppress in OPAC | No |
| Withdrawn status | Lost status | Source of classification or shelving scheme | Damaged status | Not for loan | Collection | Home library | Current library | Shelving location | Date acquired | Total Checkouts | Full call number | Barcode | Date last seen | Copy number | Price effective from | Koha item type |
|---|---|---|---|---|---|---|---|---|---|---|---|---|---|---|---|---|
| Dewey Decimal Classification | Non-Fiction | Footprints International School Library Network Toul Tom Poung Campus | Footprints International School Library Network Toul Tom Poung Campus | TTP Secondary Non-Fiction Bookshelves | 05/28/2025 | DOW 232.97 BT482.P69 | 2025-1414 | 05/28/2025 | 1 | 05/28/2025 | Books | |||||
| Dewey Decimal Classification | Non-Fiction | Footprints International School Library Network Toul Tom Poung Campus | Footprints International School Library Network Toul Tom Poung Campus | TTP Secondary Non-Fiction Bookshelves | 05/28/2025 | DOW 232.97 BT482.P69 | 2025-1418 | 05/28/2025 | 2 | 05/28/2025 | Books | |||||
| Dewey Decimal Classification | Non-Fiction | Footprints International School Library Network Toul Tom Poung Campus | Footprints International School Library Network Toul Tom Poung Campus | TTP Secondary Non-Fiction Bookshelves | 05/28/2025 | DOW 232.97 BT482.P69 | 2025-1419 | 05/28/2025 | 3 | 05/28/2025 | Books | |||||
| Dewey Decimal Classification | Non-Fiction | Footprints International School Library Network Toul Tom Poung Campus | Footprints International School Library Network Toul Tom Poung Campus | TTP Secondary Non-Fiction Bookshelves | 05/28/2025 | DOW 232.97 BT482.P69 | 2025-1420 | 05/28/2025 | 4 | 05/28/2025 | Books | |||||
| Dewey Decimal Classification | Non-Fiction | Footprints International School Library Network Toul Tom Poung Campus | Footprints International School Library Network Toul Tom Poung Campus | TTP Secondary Non-Fiction Bookshelves | 05/28/2025 | DOW 232.97 BT482.P69 | 2025-1424 | 05/28/2025 | 5 | 05/28/2025 | Books |
